| 000 | 00482nam a2200181Ia 4500 | ||
|---|---|---|---|
| 005 | 20250423100402.0 | ||
| 008 | 250422s9999 xx 000 0 und d | ||
| 020 | _a1560526041 | ||
| 050 | _aHF 5547 .M2962/ | ||
| 100 | _aManning, Marilyn Jakad. | ||
| 245 | 0 | _aOffice management : a productivity and effectiveness guide | |
| 260 | _aMenlo Park | ||
| 260 | _bCrisp Learning | ||
| 260 | _c1990 | ||
| 300 | _a83 p | ||
| 650 | _aBüro yönetimi. Office management. | ||
| 942 | _cBK | ||
| 999 |
_c33146 _d33146 |
||